000 00324nam a22001097a 4500
082 _a891.433/CHO
100 _aचौबे ,संतोष
245 _aक्या पता कामरेड मोहन
260 _aभोपाल
_bआईसेक्ट
_c2025
650 _aउपन्यास
942 _cHIN
999 _c68807
_d68807